000 00822nam a2200265 i 4500
001 000017483
003 DO-SdBNP
005 20231226084642.0
007 ta
008 100325s1979 dr a 000 0 spa d
040 _aDO-SdBNP
_bspa
_cBNPHU
_erda
082 _bS583c
_222
100 1 _aSilié Gatón, Domingo
_917549
_eautor
245 1 3 _aLa causa de Enriquillo /
_cDomingo Silié Gatón.
264 _aSanto Domingo :
_bNivar,
_c1979.
300 _a127 paginas :
_bilustraciones. ;
_c22 cm.
336 _2rdacontent
_atexto
_btxt
337 _2rdamedia
_asin mediación
_bn
338 _2rdacarrier
_avolumen
_bnc
500 _aEdición auspiciada por la universidad nordestana de San Pedro de Macoris
504 _aBibliografía : 125-127
590 _aInventariado, 2023 / DG
910 _aDG
942 _2ddc
_cLBS1
999 _c17008
_d17008